000 00342nam a2200145Ia 4500
008 191201s2011 xx 000 0 und d
082 _a005.82
_bSMI
100 _aSMITH,Richard E
245 0 _aInternet Cryptography
250 _aIMP6th
260 _aN. delhi
_bpearson
_c2011
300 _a356
650 _aB.Tech(CSE)
942 _2ddc
_cBK
_01
999 _c5189
_d5189